The noble scholar, jurist, historian


 His Excellency Dr. Abdul Wahhab bin Ibrahim Abu Sulaiman, may Allah have mercy on him.


 He was born in Umm Al-Qura in the year 1356 AH.

مواطن إجابة الدعاء بمكة المكرمة، المسمى، مجموع الذخائر المكية / (Record no. 1387)

MARC details
000 -LEADER
fixed length control field 02648cam a2200349 i 4500
003 - CONTROL NUMBER IDENTIFIER
control field SA-RiAUC
005 - DATE AND TIME OF LATEST TRANSACTION
control field 20241230084125.0
008 - FIXED-LENGTH DATA ELEMENTS--GENERAL INFORMATION
fixed length control field 241014s1998 le g 00000 ara c
024 0# - OTHER STANDARD IDENTIFIER
Standard number or code 00000000977572
040 ## - CATALOGING SOURCE
Original cataloging agency SA-RiAUC
Language of cataloging ara
Transcribing agency SA-RiAUC
Modifying agency AE-DuMBRL
Description conventions rda
043 ## - GEOGRAPHIC AREA CODE
Geographic area code a-su---
050 #4 - LIBRARY OF CONGRESS CALL NUMBER
Item number .S53 1998
082 04 - DEWEY DECIMAL CLASSIFICATION NUMBER
Classification number 237.3
Assigning agency SA-RiAUC
090 ## - LOCALLY ASSIGNED LC-TYPE CALL NUMBER (OCLC); LOCAL CALL NUMBER (RLIN)
Classification number (OCLC) (R) ; Classification number, CALL (RLIN) (NR) 237.3
Local cutter number (OCLC) ; Book number/undivided call number, CALL (RLIN) ش ط ا
100 1# - MAIN ENTRY--PERSONAL NAME
Personal name شطا، محمد سعيد بن عثمان بن محمد
Relator term مؤلف.
245 10 - TITLE STATEMENT
Title مواطن إجابة الدعاء بمكة المكرمة، المسمى، مجموع الذخائر المكية /
Statement of responsibility, etc. تأليف محمد سعيد بن عثمان بن محمد شطا ؛ دراسة وتحقيق عبد الله نذير أحمد.
246 33 - VARYING FORM OF TITLE
Title proper/short title مجموع الذخائر المكية
250 ## - EDITION STATEMENT
Edition statement الطبعة الأولى.
264 #1 - PRODUCTION, PUBLICATION, DISTRIBUTION, MANUFACTURE, AND COPYRIGHT NOTICE
Place of production, publication, distribution, manufacture بيروت :
Name of producer, publisher, distributor, manufacturer دار البشائر الإسلامية،
Date of production, publication, distribution, manufacture, or copyright notice 1998.
300 ## - PHYSICAL DESCRIPTION
Extent 88 صفحة ؛
Dimensions 21 × 14 سم
336 ## - CONTENT TYPE
Content type term نص
Content type code txt
Source rdacontent
Materials specified كتاب
337 ## - MEDIA TYPE
Media type term بدون وسيط
Media type code n
Source rdamedia
338 ## - CARRIER TYPE
Carrier type term مجلد
Carrier type code nc
Source rdacarrier
520 ## - SUMMARY, ETC.
Summary, etc. يتناول كتاب (مواطن إجابة الدعاء بمكة المكرمة المسمى مجموع الذخائر المكية) والذي قام بتأليفه محمد سعيد بن عثمان بن محمد شطا، موضوع (إجابة الدعاء) الكتاب يخبرنا مؤلفه عن أماكن إجابة الدعاء بمكة المكرمة، أنه ينبغي لنا أولا أن نتحرى الأوقات المخصصة في الأماكن المقدسة، التي بالبيت السعيد، من الصلاة في وقتها، والأدعية المسنونة في أوقاتها لإجابة الدعاء فيها، لأنها معدن الإجابة. ثم ذكر أن عدد الأماكن المقدسة المشهورة التي وردت الأحاديث في فضلها لإجابة الادعية المأثورة، هي ثمانية عشر موضعا ذكرها جميعا بالتفصيل بهذا الكتاب.
650 #7 - SUBJECT ADDED ENTRY--TOPICAL TERM
Topical term or geographic name entry element الأدعية والأوراد
Source of heading or term aucsh
650 #7 - SUBJECT ADDED ENTRY--TOPICAL TERM
Topical term or geographic name entry element العبادات (فقه إسلامي)
Source of heading or term aucsh
700 1# - ADDED ENTRY--PERSONAL NAME
Personal name مزي، عبد الله نذير أحمد
Relator term محقق.
700 12 - ADDED ENTRY--PERSONAL NAME
Relationship information تحقيق لـ (عمل) :
Personal name شطا، محمد سعيد بن عثمان بن محمد.
Title of a work مواطن إجابة الدعاء بمكة المكرمة، المسمى، مجموع الذخائر المكية.
942 ## - ADDED ENTRY ELEMENTS (KOHA)
Source of classification or shelving scheme Dewey Decimal Classification
Koha item type Books
Suppress in OPAC No
949 ## - LOCAL PROCESSING INFORMATION (OCLC)
a SA-JeALM
d 241014
u mohamedma123
n 1
Holdings
Withdrawn status Lost status Source of classification or shelving scheme Damaged status Not for loan Home library Current library Date acquired Total checkouts Full call number Barcode Date last seen Price effective from Koha item type
    Dewey Decimal Classification     DR AbdElwahab Library DR AbdElwahab Library 10/16/2024   237.3 ش ط ا 000001945 10/16/2024 10/16/2024 Books
    Dewey Decimal Classification     DR AbdElwahab Library DR AbdElwahab Library 12/30/2024   237.3 ش ط ا 000006977 12/30/2024 12/30/2024 Books
    Dewey Decimal Classification     DR AbdElwahab Library DR AbdElwahab Library 05/13/2025   237.3 ش ط ا 000012980 05/13/2025 05/13/2025 Books